000
00341nam a22001457a 4500
008
240126b ||||| |||| 00| 0 eng d
020
_a
0931191114
041
_a
eng
080
_2
1990 FIRST EDITION
_a
53
082
_a
53YOU
100
_a
24
101
_a
MATE
245
_a
MATHEMATICS PHYSICS REALITY
_c
ARTHUR M.YOUNG
942
_2
udc
_c
BK
999
_c
60561
_d
60561